000 00909nam a22002417a 4500
001 0000003870
003 PPM
005 20260304123806.0
008 260304b ||||| |||| 00| 0 eng d
020 _a9833109063
_cRM 75.00
_qHardback
035 _a0000003870
040 _bEng
_cPusat Penyelidikan Mineral, Jabatan Mineral Dan Geosains Malaysia
_dPPM
_erda
082 0 _223
_a351.595
_bWAN 2004
100 0 _aWan Mansor Wan Abdullah, Dato',
_eauthor.
245 1 0 _aService Par Excellence /
_cby Wan Mansor Abdullah
260 1 _aKuala Lumpur :
_bInstitut Tadbiran Awam Negara (INTAN) ,
_c2004
300 0 0 _axii, 417 pages :
_bmaps, photographs .;
_c24 cm
504 _aIncludes indexs (p.: 397 - 417) and bibliographical references (p.: 393 - 394)
650 1 0 _aCivil service
_zMalaysia
650 2 0 _aPublic administration
_zMalaysia
650 2 0 _aGovernment publications
_zMalaysia
942 _2ddc
_cBK
999 _c27163
_d27163